000 00817nam a2200301Ia 4500
001 Z_1119
003 CHAP
008 220113s1990 xx 000 0 und d
010 _a164199
040 _cCHAP
082 _a636.4085 T4
100 _aThacker, P A
_9112594
245 _aNontraditional feed sources for use in swine production /
_cby P.A. Thacker and R. N. Kirkwood
260 _aBoston :
_bButterworths,
_c1990
300 _a515 p
440 _a
500 _a
503 _a156774
650 _aAlimentos y alimentación del ganado I. Kirkwood, R. N. II. t.
_9138279
650 _aGanado porcino
_xAlimentación
_945329
650 _aGanado porcino
_xProducción
_945399
901 _a636.4085 T4
902 _aA
910 _a1990
942 _c1
942 _cc1
999 _c164199
_d164199